Southville International School and Colleges
Your cart is empty.
  • Cart
  • Lists
    Public lists Eva Luna New books Lux_list list_1
    Your lists Log in to create your own lists
  • Log in to your account
  • Your cookies
  • Search history
Southville International School and Colleges
  • Advanced search
  • Recent comments
  • Most popular
  • Libraries

Log in to your account

Log in with GOOGLE


If you do not have an external account, but do have a local account, you can still log in:

  1. Home
  2. MARC view: The astronauts /
Normal view MARC view ISBD view

The astronauts / (Record no. 113356)

[ view plain ]
MARC details
000 -LEADER
fixed length control field 00668nam a2200193 a 4500
001 - CONTROL NUMBER
control field 1837
005 - DATE AND TIME OF LATEST TRANSACTION
control field 20140414132015.0
008 - FIXED-LENGTH DATA ELEMENTS--GENERAL INFORMATION
fixed length control field 010418s19uu xx 00 eng d
020 ## - INTERNATIONAL STANDARD BOOK NUMBER
International Standard Book Number 0-394-83901-3
050 ## - LIBRARY OF CONGRESS CALL NUMBER
Classification number TR
Item number AS8 1978
100 ## - MAIN ENTRY--PERSONAL NAME
Personal name Moche, Dinah L.
245 ## - TITLE STATEMENT
Title The astronauts /
Statement of responsibility, etc by Dinah L. Moche.
260 ## - PUBLICATION, DISTRIBUTION, ETC. (IMPRINT)
Place of publication, distribution, etc New York :
Name of publisher, distributor, etc Random House,
Date of publication, distribution, etc 1978.
300 ## - PHYSICAL DESCRIPTION
Extent 1 v. p. ; cm.
520 ## - SUMMARY, ETC.
Summary, etc Describes various craft in space such as spaceship and space station and discusses activities of astronauts as they prepare for and travel in space.
650 ## - SUBJECT ADDED ENTRY--TOPICAL TERM
Topical term or geographic name as entry element Astronautics - Juvenile literature.
650 ## - SUBJECT ADDED ENTRY--TOPICAL TERM
Topical term or geographic name as entry element Astronauts - Juvenile literature.
Holdings
Withdrawn status Lost status Damaged status Use restrictions Home library Current library Shelving location Date acquired Source of acquisition Cost, normal purchase price Total Checkouts Full call number Barcode Date last seen Price effective from Koha item type
        Munich Library Munich Library Teachers Reference Section 12/23/2004   54.00   TR AS8 1978 M4911 04/14/2014 04/14/2014 Books

The astronauts /

APA

Moche D. L., . (1978). The astronauts. New York: Random House.

Chicago

Moche Dinah L, . 1978. The astronauts. New York: Random House.

Harvard

Moche D. L., . (1978). The astronauts. New York: Random House.

MLA

Moche Dinah L, . The astronauts. New York: Random House. 1978.

  • Place hold
  • Print
  • Cite
  • Add to your cart (remove)
  • Save record
    BIBTEX Dublin Core MARCXML MARC (non-Unicode/MARC-8) MARC (Unicode/UTF-8) MARC (Unicode/UTF-8, Standard) MODS (XML) RIS
  • More searches
    Search for this title in:
    Other Libraries (WorldCat) Other Databases (Google Scholar) Online Stores (Bookfinder.com) Open Library (openlibrary.org)

Exporting to Dublin Core...

SOUTHVILLE LIBRARY

Southville International School and Colleges Library

1281 Tropical Ave. Cor. Luxembourg St., BF Homes International, Las Pinas City

Tel. No. 8256374 / 252358 Loc. 117/146

Powered by Koha